Zadná skléraplastika pri liečbe ťažkej progresívnej krátkozrakosti

Bibliographic Details
Main Authors: Izák, Milan, 1939- (Author), Kuběna, Karel, 1927-2019 (Author), Šváčová, Helena, 1939- (Author), Lukáčová, T. (Author), Molnárová, Mária, 1955- (Author)
Format: Article
Language:Slovak
PhysicalDescription:Obr. 10. Tb. 2. Res. rus., angl., lit. 24 zázn. v ruš., poľ.
Subjects:

MARC

LEADER 00000nab a2200000 a 4500
001 vtls000195087
003 SK-MaSNL
005 20260302205830.0
008 220422c1984 xo 0 slo
015 |a SNBRB19rr/mm-uuuuu 
035 |a CL0205200 
040 |a SNKBUCL  |b slo  |c SNKBUCL  |e AACR2 
041 0 |a slo 
044 |a xo  |c SK 
080 |a 617.753.2-089  |2 1981 
245 0 0 |a Zadná skléraplastika pri liečbe ťažkej progresívnej krátkozrakosti  |c M. Izák, K. Kuběna, H. Šváčová, T. Lukáčová, M. Molnárová 
300 |b Obr. 10. Tb. 2. Res. rus., angl., lit. 24 zázn. v ruš., poľ. 
650 0 7 |a krátkozrakosť  |2 snkbucl  |9 932153 
655 7 |a články z novín a časopisov  |2 snkbucl  |9 267496 
700 1 |a Izák, Milan,  |d 1939-  |4 aut  |9 17705 
700 1 |a Kuběna, Karel,  |d 1927-2019  |4 aut  |9 164440 
700 1 |a Šváčová, Helena,  |d 1939-  |4 aut  |9 47991 
700 1 |a Lukáčová, T.  |4 aut  |9 928391 
700 1 |a Molnárová, Mária,  |d 1955-  |4 aut  |9 197556 
773 0 |t Československá oftalmologie  |g Roč. 40, č. 5 (1984), s. 311-320 
850 |a Slovenská národná knižnica v Martine  |a MTA001 
852 |a SNK  |b KIS3GCP 
958 |a NB 
958 |a RK 
958 |a ME 
992 |a RBX 
999 |c 1479636  |d 1481566